00340nam a2200133Ia 4500008004100000020001500041041001200056082001600068100001900084245006200103260002500165300000800190650000800198221030s9999 xx 000 0 und d a0070473552 aEnglish a105.23bKha aR. S. Khandpur 0aHandbook of Biomedical Instrumentationcby R. S. Khandpur bTMHaNew Delhic2003 a924 aECE